00389nam a2200157Ia 450000500170000000800410001702000180005805000240007610000140010024500330011426000300014730000330017744000060021052100070021652600080022320140407094334.0140130s9999 xx 000 0 und d a9780531175361 aUB 270.5b.R38 2008 aRauf, Don cDon Rauf.aKiller lipstick / bScholastic,c2008.aUSA : a64 p. :bcol. ill. ;c24 cm. v1 aG5 c780